COBOL programming (Record no. 12104)

MARC details
000 -LEADER
fixed length control field 00586nam a2200193Ia 4500
003 - CONTROL NUMBER IDENTIFIER
control field IN-BaIIA
008 - FIXED-LENGTH DATA ELEMENTS--GENERAL INFORMATION
fixed length control field 211028s9999 xx 000 0 eng d
020 ## - INTERNATIONAL STANDARD BOOK NUMBER
International Standard Book Number 0333-9097-1
040 ## - CATALOGING SOURCE
Transcribing agency IIA Library
080 ## - UNIVERSAL DECIMAL CLASSIFICATION NUMBER
Universal Decimal Classification number 519.68
Item number BAL
100 ## - MAIN ENTRY--PERSONAL NAME
Personal name Balaguruswamy, E.
9 (RLIN) 21091
245 #0 - TITLE STATEMENT
Title COBOL programming
Remainder of title a self-study text
Statement of responsibility, etc. E. Balaguruswamy
260 ## - PUBLICATION, DISTRIBUTION, ETC.
Place of publication, distribution, etc. Madras
Name of publisher, distributor, etc. Macmillan
Date of publication, distribution, etc. 1989
300 ## - PHYSICAL DESCRIPTION
Extent xii, 484p.
490 ## - SERIES STATEMENT
Series statement Macmillan Series in Computer Science
650 ## - SUBJECT ADDED ENTRY--TOPICAL TERM
Topical term or geographic name entry element COBOL programming
9 (RLIN) 21092
650 ## - SUBJECT ADDED ENTRY--TOPICAL TERM
Topical term or geographic name entry element Computer programming
942 ## - ADDED ENTRY ELEMENTS (KOHA)
Koha item type Books
Holdings
Withdrawn status Lost status Damaged status Not for loan Home library Current library Shelving location Date acquired Cost, normal purchase price Total Checkouts Total Renewals Full call number Barcode Date last seen Date last checked out Cost, replacement price Price effective from Koha item type Purchase Price
        IIA Library-Bangalore IIA Library-Bangalore General Stacks 21/05/1997 158.00 1 2 519.68/ BAL 13020 14/11/2023 20/01/2023 158.00 21/05/1997 Books Rs. 158.00

Powered by Koha